[Event "Capablanca Memorial op 45th"]
[Site "Havana"]
[Date "2010.06.17"]
[Round "7"]
[White "Quesada Vera, Liordis"]
[Black "Osorio Itanare, Fernando Augus"]
[Result "1-0"]
[WhiteElo "2308"]
[BlackElo "2232"]
[PlyCount "87"]
[EventDate "2010.06.10"]
[EventType "swiss"]
[EventRounds "10"]
[EventCountry "CUB"]
[SourceTitle "CBM 137 Extra"]
[Source "ChessBase"]
[SourceDate "2010.09.01"]
[SourceVersion "1"]
[SourceVersionDate "2010.09.01"]
[SourceQuality "1"]

1. e4 d5 2. exd5 Nf6 3. Nc3 Nxd5 4. Bc4 Nb6 5. Bb3 Nc6 6. Nf3 Bf5 7. d4 e6 8. Be3 Bd6 9. Qe2 0-0 10. 0-0-0 Na5 11. Ne5 Nxb3+ 12. axb3 Nd5 13. g4 Nxc3 14. bxc3 Be4 15. f3 Bc6 16. Nxc6 bxc6 17. Qa6 Qf6 18. Qxc6 a5 19. h4 a4 20. Bg5 Bf4+ 21. Kb2 Bxg5 22. hxg5 Qxg5 23. Rh5 Qe3 24. Qe4 Qxe4 25. fxe4 axb3 26. cxb3 Ra7 27. Rdh1 h6 28. g5 Rfa8 29. c4 Ra2+ 30. Kc3 Rg2 31. gxh6 Rg3+ 32. Kb4 gxh6 33. Rxh6 Rb8+ 34. Kc5 Rbxb3 35. e5 Ra3 36. Rh8+ Kg7 37. Rc8 Ra5+ 38. Kc6 Rc3 39. c5 Ra4 40. Rg1+ Kh7 41. Rg4 Rcc4 42. Rxc7 Ra6+ 43. Kd7 Rc3 44. Ke8 1-0